[Event "Russian Championship (Blitz, Women)"]
[Site "Sochi"]
[Date "2018.10.07"]
[Round "15.8"]
[White "Shaydullina, Sandugach"]
[Black "Shuvalova, Polina"]
[Result "0-1"]
[BlackElo "2246"]
[WhiteElo "2113"]
[LiveChessVersion "1.4.8"]

1. d4 {[%clk 0:03:03]} Nf6 {[%clk 0:03:03]} 2. Nf3 {[%clk 0:03:04]} e6
{[%clk 0:03:05]} 3. c4 {[%clk 0:03:06]} d5 {[%clk 0:03:05]} 4. Nc3
{[%clk 0:03:06]} c5 {[%clk 0:03:07]} 5. cxd5 Nxd5 {[%clk 0:03:07]} 6. e4
{[%clk 0:03:08]} Nxc3 {[%clk 0:03:08]} 7. bxc3 {[%clk 0:03:08]} cxd4
{[%clk 0:03:09]} 8. cxd4 {[%clk 0:03:09]} Bb4+ {[%clk 0:03:10]} 9. Bd2
{[%clk 0:03:10]} Bxd2+ {[%clk 0:03:12]} 10. Qxd2 {[%clk 0:03:11]} O-O
{[%clk 0:03:12]} 11. Bc4 {[%clk 0:03:08]} b6 {[%clk 0:03:13]} 12. O-O
{[%clk 0:03:04]} Nd7 {[%clk 0:03:14]} 13. d5 {[%clk 0:02:54]} Nc5
{[%clk 0:03:10]} 14. Qe3 {[%clk 0:02:53]} exd5 {[%clk 0:03:07]} 15. Bxd5
{[%clk 0:02:52]} Bb7 {[%clk 0:03:01]} 16. Rad1 {[%clk 0:02:50]} Qe7
{[%clk 0:03:00]} 17. Nd4 {[%clk 0:02:41]} Bxd5 {[%clk 0:02:35]} 18. exd5
{[%clk 0:02:41]} Qxe3 {[%clk 0:02:34]} 19. fxe3 {[%clk 0:02:42]} Rad8
{[%clk 0:02:28]} 20. Nc6 {[%clk 0:02:43]} Rd7 {[%clk 0:02:28]} 21. d6
{[%clk 0:02:37]} f6 {[%clk 0:02:18]} 22. Rd4 {[%clk 0:02:26]} Re8
{[%clk 0:02:08]} 23. Ne7+ {[%clk 0:02:21]} Kf7 {[%clk 0:02:05]} 24. Rfd1
{[%clk 0:02:21]} Ne6 {[%clk 0:01:33]} 25. R4d2 {[%clk 0:02:17]} Nc5
{[%clk 0:01:33]} 26. Rd4 {[%clk 0:02:18]} Ke6 {[%clk 0:01:29]} 27. Kf2
{[%clk 0:02:15]} Kf7 {[%clk 0:01:24]} 28. Kf3 {[%clk 0:02:10]} Ne6
{[%clk 0:01:21]} 29. R4d2 {[%clk 0:02:05]} Nc5 {[%clk 0:01:18]} 30. Rd4
{[%clk 0:02:05]} Nb7 {[%clk 0:01:17]} 31. Nc6 {[%clk 0:01:54]} Nc5
{[%clk 0:00:59]} 32. Ne7 {[%clk 0:01:53]} Nb7 {[%clk 0:00:54]} 33. Nc6
{[%clk 0:01:54]} Nd8 {[%clk 0:00:55]} 34. Ne7 {[%clk 0:01:50]} Ne6
{[%clk 0:00:56]} 35. R4d2 {[%clk 0:01:49]} Red8 {[%clk 0:00:55]} 36. Nc6
{[%clk 0:01:45]} Rc8 {[%clk 0:00:56]} 37. Ne7 {[%clk 0:01:42]} Rc5
{[%clk 0:00:52]} 38. h4 {[%clk 0:01:37]} Rc4 {[%clk 0:00:50]} 39. g3
{[%clk 0:01:37]} Nc5 {[%clk 0:00:49]} 40. Nf5 {[%clk 0:01:25]} Ra4
{[%clk 0:00:41]} 41. g4 {[%clk 0:01:21]} g6 {[%clk 0:00:40]} 42. Ne7
{[%clk 0:01:21]} Ne4 {[%clk 0:00:34]} 43. Rd4 {[%clk 0:01:12]} Rxd4
{[%clk 0:00:35]} 44. Rxd4 {[%clk 0:01:13]} Nxd6 {[%clk 0:00:34]} 45. Nc6
{[%clk 0:01:02]} Ke6 {[%clk 0:00:35]} 46. Nb4 {[%clk 0:00:57]} Rc7
{[%clk 0:00:34]} 47. Nd5 {[%clk 0:00:56]} Rc1 {[%clk 0:00:35]} 48. Nf4+ Kd7 49.
Nd5 {[%clk 0:01:00]} Kc6 {[%clk 0:00:35]} 50. Ne7+ {[%clk 0:00:57]} Kd7
{[%clk 0:00:33]} 51. Nd5 {[%clk 0:00:58]} Nb5 {[%clk 0:00:29]} 52. Rd2
{[%clk 0:00:50]} Ke6 {[%clk 0:00:27]} 53. Nf4+ {[%clk 0:00:50]} Ke7
{[%clk 0:00:28]} 54. Nd5+ Kf7 55. Nf4 {[%clk 0:00:50]} Rc7 {[%clk 0:00:28]} 56.
a4 {[%clk 0:00:45]} Nc3 {[%clk 0:00:29]} 57. Rc2 {[%clk 0:00:46]} Rc5
{[%clk 0:00:22]} 58. Nd3 {[%clk 0:00:45]} Rc4 {[%clk 0:00:21]} 59. Nb2
{[%clk 0:00:44]} Rc5 {[%clk 0:00:21]} 60. Nd3 {[%clk 0:00:45]} Rc7
{[%clk 0:00:17]} 61. Nb4 {[%clk 0:00:43]} a5 {[%clk 0:00:16]} 62. Nd3
{[%clk 0:00:37]} Nd5 {[%clk 0:00:17]} 63. Rb2 {[%clk 0:00:34]} Rc3
{[%clk 0:00:18]} 64. Ke2 {[%clk 0:00:34]} Ra3 {[%clk 0:00:17]} 65. Kd2
{[%clk 0:00:29]} Rxa4 {[%clk 0:00:16]} 66. Rb5 Ra2+ 67. Kc1 {[%clk 0:00:29]} Ke6
{[%clk 0:00:16]} 68. e4 {[%clk 0:00:29]} Ne3 {[%clk 0:00:14]} 69. Rxb6+
{[%clk 0:00:29]} Ke7 {[%clk 0:00:14]} 70. Nf4 {[%clk 0:00:29]} Rc2+
{[%clk 0:00:13]} 71. Kb1 {[%clk 0:00:30]} Rc4 {[%clk 0:00:13]} 72. Rb7+
{[%clk 0:00:29]} Kd6 {[%clk 0:00:14]} 73. Rb6+ {[%clk 0:00:27]} Ke5
{[%clk 0:00:14]} 74. Nd3+ {[%clk 0:00:27]} Kxe4 {[%clk 0:00:15]} 75. Nf2+ Ke5 76.
Nd3+ {[%clk 0:00:27]} Kd4 {[%clk 0:00:16]} 77. Rd6+ {[%clk 0:00:27]} Kc3
{[%clk 0:00:17]} 78. Nb2 {[%clk 0:00:24]} Rb4 {[%clk 0:00:18]} 79. Rc6+
{[%clk 0:00:26]} Nc4 {[%clk 0:00:18]} 80. Ka1 {[%clk 0:00:22]} Rxb2
{[%clk 0:00:18]} 81. Rxf6 {[%clk 0:00:20]} Rg2 {[%clk 0:00:16]} 82. Rf3+ Kb4 83.
g5 {[%clk 0:00:15]} Rh2 {[%clk 0:00:17]} 84. Rf4 {[%clk 0:00:16]} a4
{[%clk 0:00:18]} 85. Rf7 {[%clk 0:00:13]} Rxh4 {[%clk 0:00:18]} 86. Rb7+
{[%clk 0:00:14]} Kc5 {[%clk 0:00:19]} 87. Rc7+ {[%clk 0:00:13]} Kd4
{[%clk 0:00:20]} 88. Ra7 {[%clk 0:00:11]} a3 {[%clk 0:00:17]} 89. Rd7+
{[%clk 0:00:08]} Kc3 {[%clk 0:00:18]} 90. Ka2 {[%clk 0:00:08]} Rh2+
{[%clk 0:00:19]} 91. Ka1 {[%clk 0:00:08]} Ne3 {[%clk 0:00:18]} 92. Rc7+
{[%clk 0:00:07]} Kd3 {[%clk 0:00:18]} 93. Ra7 {[%clk 0:00:07]} Ke4
{[%clk 0:00:18]} 94. Kb1 {[%clk 0:00:05]} a2+ {[%clk 0:00:16]} 95. Ka1
{[%clk 0:00:05]} Kf5 {[%clk 0:00:16]} 96. Ra5+ {[%clk 0:00:04]} Kg4
{[%clk 0:00:12]} 97. Ra4+ {[%clk 0:00:05]} Kh5 {[%clk 0:00:14]} 98. Ra7
{[%clk 0:00:04]} Rh1+ {[%clk 0:00:12]} 99. Kxa2 {[%clk 0:00:05]} Kxg5
{[%clk 0:00:13]} 100. Kb3 {[%clk 0:00:06]} Nf5 {[%clk 0:00:14]} 101. Kc3
{[%clk 0:00:06]} Kf4 {[%clk 0:00:14]} 102. Kd3 {[%clk 0:00:06]} h5
{[%clk 0:00:14]} 103. Ra4+ {[%clk 0:00:07]} Kf3 {[%clk 0:00:15]} 104. Ra6
{[%clk 0:00:06]} Rg1 {[%clk 0:00:15]} 105. Rf6 {[%clk 0:00:06]} h4
{[%clk 0:00:14]} 106. Rf8 {[%clk 0:00:07]} h3 {[%clk 0:00:15]} 107. Rh8
{[%clk 0:00:08]} Kg2 {[%clk 0:00:14]} 108. Ke4 {[%clk 0:00:06]} h2
{[%clk 0:00:15]} 109. Kf4 {[%clk 0:00:07]} h1=Q {[%clk 0:00:14]} 110. Rxh1
{[%clk 0:00:07]} Kxh1 {[%clk 0:00:14]} 111. Ke5 {[%clk 0:00:09]} Kh2
{[%clk 0:00:14]} 112. Kf6 {[%clk 0:00:10]} Kh3 {[%clk 0:00:14]} 0-1

[Event "Russian Championship (Blitz, Women)"]
[Site "Sochi"]
[Date "2018.10.07"]
[Round "16.2"]
[White "Voit, Daria"]
[Black "Bodnaruk, Anastasia"]
[Result "0-1"]
[BlackElo "2358"]
[WhiteElo "2415"]
[LiveChessVersion "1.4.8"]

1. Nf3 {[%clk 0:03:03]} Nf6 {[%clk 0:03:04]} 2. c4 {[%clk 0:03:04]} g6
{[%clk 0:03:05]} 3. g3 {[%clk 0:03:04]} Bg7 {[%clk 0:03:06]} 4. Bg2
{[%clk 0:03:05]} O-O {[%clk 0:03:07]} 5. O-O {[%clk 0:03:05]} d6 {[%clk 0:03:08]}
6. d4 {[%clk 0:02:59]} Nc6 {[%clk 0:03:09]} 7. Nc3 {[%clk 0:03:00]} a6
{[%clk 0:03:11]} 8. e3 {[%clk 0:02:57]} Rb8 {[%clk 0:03:11]} 9. Qe2
{[%clk 0:02:58]} b5 {[%clk 0:03:11]} 10. Nd2 {[%clk 0:02:50]} Bd7
{[%clk 0:02:28]} 11. cxb5 {[%clk 0:02:47]} axb5 {[%clk 0:02:29]} 12. Nxb5
{[%clk 0:02:47]} Nb4 {[%clk 0:02:29]} 13. Nc3 {[%clk 0:02:46]} c5
{[%clk 0:02:15]} 14. dxc5 {[%clk 0:02:45]} dxc5 {[%clk 0:02:17]} 15. Nc4
{[%clk 0:02:30]} Bg4 {[%clk 0:02:07]} 16. Bf3 {[%clk 0:02:26]} Bxf3
{[%clk 0:01:52]} 17. Qxf3 {[%clk 0:02:26]} Qc8 {[%clk 0:01:45]} 18. a3
{[%clk 0:01:56]} Nc6 {[%clk 0:01:29]} 19. Rd1 {[%clk 0:01:49]} Qe6
{[%clk 0:01:27]} 20. Nd5 {[%clk 0:01:38]} Nxd5 {[%clk 0:01:20]} 21. Qxd5
{[%clk 0:01:38]} Rfd8 {[%clk 0:01:13]} 22. Qf3 {[%clk 0:01:34]} Rxd1+
{[%clk 0:01:10]} 23. Qxd1 {[%clk 0:01:34]} Qxc4 {[%clk 0:01:10]} 24. a4
{[%clk 0:01:34]} Rd8 {[%clk 0:01:04]} 25. Qf3 {[%clk 0:01:33]} Ne5
{[%clk 0:01:04]} 0-1

[Event "Russian Championship (Blitz, Women)"]
[Site "Sochi"]
[Date "2018.10.07"]
[Round "16.11"]
[White "Ivanova, Karina"]
[Black "Tomilova, Elena"]
[Result "0-1"]
[BlackElo "2207"]
[WhiteElo "2092"]
[LiveChessVersion "1.4.8"]

1. Nf3 {[%clk 0:03:03]} d5 {[%clk 0:03:04]} 2. g3 {[%clk 0:03:04]} c6
{[%clk 0:03:05]} 3. Bg2 {[%clk 0:03:04]} Bg4 {[%clk 0:03:06]} 4. O-O
{[%clk 0:03:05]} Nd7 {[%clk 0:03:07]} 5. h3 {[%clk 0:03:04]} Bh5 {[%clk 0:03:07]}
6. d4 {[%clk 0:03:05]} e6 {[%clk 0:03:05]} 7. c4 {[%clk 0:03:06]} Ngf6
{[%clk 0:03:04]} 8. Nc3 {[%clk 0:03:06]} Be7 {[%clk 0:02:58]} 9. Qb3
{[%clk 0:03:04]} Qb6 {[%clk 0:02:56]} 10. Qxb6 {[%clk 0:03:03]} axb6
{[%clk 0:02:57]} 11. Nd2 {[%clk 0:03:03]} O-O {[%clk 0:02:48]} 12. e4
{[%clk 0:03:04]} dxe4 {[%clk 0:02:46]} 13. Ndxe4 {[%clk 0:03:04]} Nxe4
{[%clk 0:02:44]} 14. Nxe4 {[%clk 0:03:05]} Be2 {[%clk 0:02:43]} 15. Re1
{[%clk 0:02:57]} Bxc4 {[%clk 0:02:44]} 16. a3 {[%clk 0:02:53]} Bd5
{[%clk 0:02:39]} 17. Bf4 {[%clk 0:02:48]} h6 {[%clk 0:02:29]} 18. Bd6
{[%clk 0:02:26]} Bxd6 {[%clk 0:02:19]} 19. Nxd6 {[%clk 0:02:26]} Bxg2
{[%clk 0:02:16]} 20. Kxg2 {[%clk 0:02:25]} Rab8 {[%clk 0:02:15]} 21. b4
{[%clk 0:01:53]} Rfd8 {[%clk 0:02:09]} 22. Red1 {[%clk 0:01:47]} Nf6
{[%clk 0:02:02]} 23. Nc4 {[%clk 0:01:46]} b5 {[%clk 0:02:02]} 24. Ne3
{[%clk 0:01:29]} Ra8 {[%clk 0:01:53]} 25. Nc2 {[%clk 0:01:10]} Nd5
{[%clk 0:01:51]} 26. Rd3 {[%clk 0:01:08]} f6 {[%clk 0:01:48]} 27. f4
{[%clk 0:01:06]} Kf7 {[%clk 0:01:46]} 28. Kf3 {[%clk 0:01:05]} Nb6
{[%clk 0:01:35]} 29. Ne3 {[%clk 0:00:35]} g5 {[%clk 0:01:21]} 30. Rc1
{[%clk 0:00:29]} Ra7 {[%clk 0:01:16]} 31. f5 {[%clk 0:00:19]} e5 {[%clk 0:01:05]}
32. Nc2 {[%clk 0:00:15]} Nc4 {[%clk 0:00:59]} 33. g4 {[%clk 0:00:12]} b6
{[%clk 0:00:56]} 34. Ke4 {[%clk 0:00:11]} Rad7 {[%clk 0:00:55]} 35. Ne3
{[%clk 0:00:06]} Rxd4+ {[%clk 0:00:52]} 36. Rxd4 {[%clk 0:00:05]} Rxd4+
{[%clk 0:00:53]} 37. Kf3 {[%clk 0:00:07]} Rf4+ {[%clk 0:00:49]} 38. Ke2
{[%clk 0:00:07]} Re4 {[%clk 0:00:49]} 39. Rc3 {[%clk 0:00:07]} Ke7
{[%clk 0:00:40]} 40. Kf3 {[%clk 0:00:05]} Rxe3+ {[%clk 0:00:40]} 41. Rxe3
{[%clk 0:00:06]} Nxe3 {[%clk 0:00:41]} 42. Kxe3 {[%clk 0:00:07]} Kd6
{[%clk 0:00:40]} 43. Kd2 {[%clk 0:00:05]} Kd5 {[%clk 0:00:41]} 44. Kd3
{[%clk 0:00:06]} e4+ {[%clk 0:00:39]} 45. Ke3 {[%clk 0:00:07]} Ke5
{[%clk 0:00:40]} 46. Kd4+ 0-1

[Event "Russian Championship (Blitz, Women)"]
[Site "Sochi"]
[Date "2018.10.07"]
[Round "17.3"]
[White "Kashlinskaya, Alina"]
[Black "Bodnaruk, Anastasia"]
[Result "0-1"]
[BlackElo "2358"]
[WhiteElo "2369"]
[LiveChessVersion "1.4.8"]

1. d4 {[%clk 0:03:04]} Nf6 {[%clk 0:03:04]} 2. Bg5 {[%clk 0:03:05]} d5
{[%clk 0:02:59]} 3. Nd2 {[%clk 0:03:06]} Nbd7 {[%clk 0:02:56]} 4. e3
{[%clk 0:03:05]} g6 {[%clk 0:02:49]} 5. Ngf3 {[%clk 0:03:00]} Bg7
{[%clk 0:02:50]} 6. c4 {[%clk 0:03:01]} c6 {[%clk 0:02:44]} 7. Bd3
{[%clk 0:02:55]} O-O {[%clk 0:02:44]} 8. O-O {[%clk 0:02:56]} Re8
{[%clk 0:02:34]} 9. Qe2 {[%clk 0:02:36]} e5 {[%clk 0:02:28]} 10. cxd5
{[%clk 0:02:32]} cxd5 {[%clk 0:02:21]} 11. dxe5 {[%clk 0:02:32]} Nxe5
{[%clk 0:02:21]} 12. Nxe5 {[%clk 0:02:21]} Rxe5 {[%clk 0:02:23]} 13. Nf3
{[%clk 0:02:22]} Re8 {[%clk 0:02:19]} 14. h3 {[%clk 0:02:21]} Qb6
{[%clk 0:02:12]} 15. Bb5 {[%clk 0:02:09]} Rf8 {[%clk 0:01:54]} 16. Rfd1
{[%clk 0:02:07]} Be6 {[%clk 0:01:53]} 17. Nd4 {[%clk 0:02:04]} Ne4
{[%clk 0:01:46]} 18. Bf4 {[%clk 0:02:02]} Rac8 {[%clk 0:01:44]} 19. Ba4
{[%clk 0:01:38]} Rc5 {[%clk 0:01:27]} 20. Bb3 {[%clk 0:01:36]} Rfc8
{[%clk 0:01:20]} 21. Qd3 {[%clk 0:01:13]} Nd6 {[%clk 0:01:00]} 22. Nxe6
{[%clk 0:00:32]} fxe6 {[%clk 0:01:01]} 23. Bxd6 {[%clk 0:00:28]} Qxd6
{[%clk 0:01:03]} 24. e4 {[%clk 0:00:30]} d4 {[%clk 0:00:51]} 25. Qd2
{[%clk 0:00:19]} Kh8 {[%clk 0:00:46]} 26. Rac1 {[%clk 0:00:20]} e5
{[%clk 0:00:33]} 27. Rxc5 {[%clk 0:00:20]} Qxc5 {[%clk 0:00:29]} 28. Qg5
{[%clk 0:00:21]} Qc7 {[%clk 0:00:15]} 29. h4 {[%clk 0:00:21]} Qd8
{[%clk 0:00:15]} 30. Qg4 {[%clk 0:00:21]} Rc7 {[%clk 0:00:10]} 31. h5
{[%clk 0:00:22]} gxh5 {[%clk 0:00:10]} 32. Qxh5 {[%clk 0:00:23]} Qf8
{[%clk 0:00:09]} 33. Rd3 {[%clk 0:00:20]} Rc1+ {[%clk 0:00:09]} 34. Kh2
{[%clk 0:00:21]} Qxf2 35. Rf3 {[%clk 0:00:18]} Qg1+ {[%clk 0:00:05]} 36. Kg3
{[%clk 0:00:19]} Qe1+ {[%clk 0:00:06]} 37. Kg4 {[%clk 0:00:20]} Qxe4+
{[%clk 0:00:06]} 38. Kh3 {[%clk 0:00:21]} Rh1+ {[%clk 0:00:06]} 0-1

[Event "Russian Championship (Blitz, Women)"]
[Site "Sochi"]
[Date "2018.10.07"]
[Round "17.5"]
[White "Maletina, Tatiana"]
[Black "Shuvalova, Polina"]
[Result "1-0"]
[BlackElo "2246"]
[WhiteElo "2339"]
[LiveChessVersion "1.4.8"]

1. d4 {[%clk 0:03:03]} Nf6 {[%clk 0:03:04]} 2. c4 {[%clk 0:03:04]} e6
{[%clk 0:03:05]} 3. g3 {[%clk 0:03:04]} d5 {[%clk 0:03:06]} 4. Nf3
{[%clk 0:03:05]} Bb4+ {[%clk 0:03:07]} 5. Bd2 {[%clk 0:03:06]} Be7
{[%clk 0:03:08]} 6. Bg2 {[%clk 0:03:06]} c6 {[%clk 0:03:09]} 7. O-O
{[%clk 0:03:07]} Nbd7 {[%clk 0:03:10]} 8. Qc2 {[%clk 0:03:07]} b6
{[%clk 0:03:12]} 9. Rd1 {[%clk 0:03:05]} Bb7 {[%clk 0:03:12]} 10. Bf4
{[%clk 0:03:04]} Rc8 {[%clk 0:03:11]} 11. Nc3 {[%clk 0:02:59]} O-O
{[%clk 0:03:10]} 12. Ne5 {[%clk 0:02:54]} Nxe5 {[%clk 0:02:29]} 13. dxe5
{[%clk 0:02:54]} Nd7 {[%clk 0:02:27]} 14. cxd5 {[%clk 0:02:47]} cxd5
{[%clk 0:02:23]} 15. e4 {[%clk 0:02:43]} dxe4 {[%clk 0:02:01]} 16. Bxe4
{[%clk 0:02:31]} Bxe4 {[%clk 0:01:59]} 17. Qxe4 {[%clk 0:02:32]} Qe8
{[%clk 0:01:18]} 18. Qb7 {[%clk 0:01:50]} Rd8 {[%clk 0:01:18]} 19. Qxa7
{[%clk 0:01:40]} g5 {[%clk 0:01:17]} 20. Be3 {[%clk 0:01:35]} Nxe5
{[%clk 0:01:15]} 21. Qxb6 {[%clk 0:00:58]} Rb8 {[%clk 0:01:08]} 22. Qc7
{[%clk 0:00:54]} Nf3+ {[%clk 0:00:52]} 23. Kg2 {[%clk 0:00:56]} g4
{[%clk 0:00:53]} 24. b3 {[%clk 0:00:52]} Bf6 {[%clk 0:00:52]} 25. Rac1
{[%clk 0:00:46]} Be5 {[%clk 0:00:45]} 26. Qc4 {[%clk 0:00:44]} h5
{[%clk 0:00:44]} 27. Bh6 {[%clk 0:00:40]} Rc8 {[%clk 0:00:42]} 28. Qd3
{[%clk 0:00:39]} Qc6 {[%clk 0:00:33]} 29. Ne4 {[%clk 0:00:40]} Qb7
{[%clk 0:00:24]} 30. Bxf8 {[%clk 0:00:39]} Rxf8 {[%clk 0:00:25]} 31. Rc4
{[%clk 0:00:32]} f5 {[%clk 0:00:24]} 32. Nc5 {[%clk 0:00:08]} Nh4+
{[%clk 0:00:11]} 33. Kf1 {[%clk 0:00:08]} Qg2+ {[%clk 0:00:07]} 34. Ke2
{[%clk 0:00:10]} Nf3 {[%clk 0:00:08]} 35. Nxe6 {[%clk 0:00:09]} Rf7
{[%clk 0:00:03]} 36. Rc8+ {[%clk 0:00:10]} Kh7 {[%clk 0:00:05]} 37. Ng5+
{[%clk 0:00:10]} Nxg5 {[%clk 0:00:06]} 38. Qd8 {[%clk 0:00:09]} Qe4+
{[%clk 0:00:05]} 39. Kf1 {[%clk 0:00:10]} Qh1+ 40. Ke2 Qf3+ {[%clk 0:00:06]} 41.
Ke1 {[%clk 0:00:12]} Rg7 {[%clk 0:00:05]} 42. Qh8+ {[%clk 0:00:13]} Kg6
{[%clk 0:00:06]} 43. Rc6+ {[%clk 0:00:13]} Bf6 {[%clk 0:00:04]} 44. Rxf6+
{[%clk 0:00:13]} Kxf6 45. Qh6+ {[%clk 0:00:13]} Rg6 {[%clk 0:00:06]} 46. Qf8+
{[%clk 0:00:14]} Nf7 {[%clk 0:00:07]} 47. Rd6+ {[%clk 0:00:14]} Ke5
{[%clk 0:00:04]} 48. Qe7+ {[%clk 0:00:15]} 1-0

[Event "Russian Championship (Blitz, Women)"]
[Site "Sochi"]
[Date "2018.10.07"]
[Round "17.8"]
[White "Goltseva, Ekaterina"]
[Black "Lysenko, Margarita"]
[Result "0-1"]
[BlackElo "2122"]
[WhiteElo "2071"]
[LiveChessVersion "1.4.8"]

1. d4 {[%clk 0:03:03]} Nf6 {[%clk 0:03:02]} 2. c4 {[%clk 0:03:04]} g6
{[%clk 0:03:04]} 3. Nc3 {[%clk 0:03:06]} Bg7 {[%clk 0:03:05]} 4. e4
{[%clk 0:03:07]} O-O {[%clk 0:03:05]} 5. Be2 {[%clk 0:03:08]} d6 {[%clk 0:03:03]}
6. Bg5 {[%clk 0:03:09]} Na6 {[%clk 0:03:04]} 7. Qd2 {[%clk 0:03:07]} e5
{[%clk 0:03:05]} 8. d5 {[%clk 0:03:02]} Nc5 {[%clk 0:03:05]} 9. f3
{[%clk 0:02:58]} a5 {[%clk 0:03:06]} 10. g4 {[%clk 0:02:44]} c6 {[%clk 0:03:07]}
11. h4 {[%clk 0:02:40]} cxd5 {[%clk 0:03:03]} 12. cxd5 {[%clk 0:02:37]} a4
{[%clk 0:02:55]} 13. h5 {[%clk 0:02:10]} Bd7 {[%clk 0:02:44]} 14. Nh3
{[%clk 0:01:39]} Qa5 {[%clk 0:02:37]} 15. Nf2 {[%clk 0:01:34]} Rfc8
{[%clk 0:02:30]} 16. h6 {[%clk 0:01:19]} Bh8 {[%clk 0:02:30]} 17. Ncd1
{[%clk 0:01:17]} Qxd2+ {[%clk 0:02:01]} 18. Kxd2 {[%clk 0:01:15]} Ne8
{[%clk 0:01:58]} 19. Ne3 {[%clk 0:01:04]} b5 {[%clk 0:01:23]} 20. Nd3
{[%clk 0:01:04]} Nxd3 {[%clk 0:00:59]} 21. Bxd3 {[%clk 0:01:05]} f6
{[%clk 0:00:30]} 22. Bh4 {[%clk 0:01:05]} Nc7 {[%clk 0:00:30]} 23. Rhc1
{[%clk 0:00:39]} Na6 {[%clk 0:00:29]} 24. Bf2 {[%clk 0:00:24]} Nb4
{[%clk 0:00:17]} 25. Nc2 {[%clk 0:00:19]} Nxd3 {[%clk 0:00:10]} 26. Kxd3
{[%clk 0:00:20]} f5 {[%clk 0:00:12]} 27. gxf5 {[%clk 0:00:20]} gxf5
{[%clk 0:00:13]} 28. Nb4 {[%clk 0:00:19]} Bf6 {[%clk 0:00:07]} 29. Be3
{[%clk 0:00:16]} Kf7 {[%clk 0:00:08]} 30. Rg1 {[%clk 0:00:12]} f4
{[%clk 0:00:07]} 31. Bf2 {[%clk 0:00:11]} Rg8 {[%clk 0:00:06]} 32. Rac1
{[%clk 0:00:09]} Rgc8 {[%clk 0:00:04]} 33. a3 {[%clk 0:00:09]} Rab8
{[%clk 0:00:04]} 34. Na6 {[%clk 0:00:08]} Ra8 {[%clk 0:00:04]} 35. Nb4
{[%clk 0:00:07]} Rab8 {[%clk 0:00:05]} 36. Na6 {[%clk 0:00:05]} Ra8
{[%clk 0:00:06]} 37. Nb4 {[%clk 0:00:06]} Rab8 {[%clk 0:00:07]} 38. Kd2
{[%clk 0:00:06]} Rxc1 39. Rxc1 {[%clk 0:00:07]} Rg8 {[%clk 0:00:07]} 40. Rc7
{[%clk 0:00:06]} Ke8 {[%clk 0:00:07]} 41. Nc6 {[%clk 0:00:05]} Rg2
{[%clk 0:00:08]} 42. Ke1 {[%clk 0:00:06]} Rh2 {[%clk 0:00:08]} 43. Rb7
{[%clk 0:00:06]} Rh1+ {[%clk 0:00:07]} 44. Ke2 {[%clk 0:00:06]} Rb1
{[%clk 0:00:08]} 45. Rxb5 {[%clk 0:00:06]} Rc1 {[%clk 0:00:06]} 46. Rb8+
{[%clk 0:00:07]} Kf7 {[%clk 0:00:07]} 47. Rb7 {[%clk 0:00:06]} Ke8
{[%clk 0:00:08]} 48. Nb4 {[%clk 0:00:06]} Rh1 {[%clk 0:00:07]} 49. Nc6
{[%clk 0:00:04]} Rxh6 {[%clk 0:00:05]} 50. b3 {[%clk 0:00:04]} axb3 51. Rxb3
{[%clk 0:00:05]} Rh1 {[%clk 0:00:07]} 52. Rb8+ {[%clk 0:00:03]} Kf7
{[%clk 0:00:07]} 53. Rb7 {[%clk 0:00:03]} Ke8 {[%clk 0:00:09]} 54. Ra7
{[%clk 0:00:04]} Ra1 {[%clk 0:00:08]} 55. a4 {[%clk 0:00:05]} h5 {[%clk 0:00:07]}
56. a5 {[%clk 0:00:05]} h4 {[%clk 0:00:07]} 57. Ra8+ {[%clk 0:00:05]} Kf7
{[%clk 0:00:08]} 58. a6 {[%clk 0:00:04]} h3 {[%clk 0:00:08]} 59. Nd8+
{[%clk 0:00:04]} Bxd8 60. Rxd8 Ke7 {[%clk 0:00:09]} 61. Rh8 {[%clk 0:00:05]} Rxa6
{[%clk 0:00:09]} 62. Bh4+ {[%clk 0:00:03]} Kf7 {[%clk 0:00:08]} 63. Rh7+
{[%clk 0:00:04]} Kg6 {[%clk 0:00:07]} 64. Rh8 {[%clk 0:00:05]} h2
{[%clk 0:00:08]} 65. Be1 {[%clk 0:00:04]} Ra2+ {[%clk 0:00:09]} 66. Bd2
{[%clk 0:00:04]} Bb5+ {[%clk 0:00:09]} 67. Ke1 Ra1+ {[%clk 0:00:10]} 68. Kd1
{[%clk 0:00:03]} Be2+ {[%clk 0:00:04]} 69. Bc1 Rxc1+ 70. Kxe2 {[%clk 0:00:03]}
Ra1 {[%clk 0:00:06]} 71. Kd2 {[%clk 0:00:00]} h1=Q {[%clk 0:00:06]} 72. Kc3 0-1

[Event "Russian Championship (Blitz, Women)"]
[Site "Sochi"]
[Date "2018.10.07"]
[Round "18.3"]
[White "Bodnaruk, Anastasia"]
[Black "Kashlinskaya, Alina"]
[Result "0-1"]
[BlackElo "2369"]
[WhiteElo "2358"]
[LiveChessVersion "1.4.8"]

1. e4 e6 2. d4 {[%clk 0:03:04]} d5 {[%clk 0:03:05]} 3. e5 {[%clk 0:03:06]} c5
{[%clk 0:03:06]} 4. c3 {[%clk 0:03:07]} Nc6 {[%clk 0:03:06]} 5. Nf3
{[%clk 0:03:07]} Qb6 {[%clk 0:03:01]} 6. a3 {[%clk 0:02:56]} Nh6 {[%clk 0:03:01]}
7. b4 {[%clk 0:02:55]} cxd4 {[%clk 0:03:01]} 8. cxd4 {[%clk 0:02:56]} Nf5
{[%clk 0:03:02]} 9. Bb2 {[%clk 0:02:52]} Bd7 {[%clk 0:02:56]} 10. g4
{[%clk 0:02:35]} Nfe7 {[%clk 0:02:57]} 11. h4 {[%clk 0:02:17]} h5
{[%clk 0:02:55]} 12. gxh5 {[%clk 0:02:14]} Nf5 {[%clk 0:02:47]} 13. b5
{[%clk 0:01:35]} Na5 {[%clk 0:02:39]} 14. Nc3 {[%clk 0:01:35]} a6
{[%clk 0:02:23]} 15. Na4 {[%clk 0:01:26]} Qd8 {[%clk 0:02:24]} 16. bxa6
{[%clk 0:01:15]} bxa6 {[%clk 0:02:26]} 17. Nc5 {[%clk 0:01:15]} Bb5
{[%clk 0:02:23]} 18. Bc3 {[%clk 0:01:05]} Nc4 {[%clk 0:02:16]} 19. a4
{[%clk 0:01:02]} Bc6 {[%clk 0:02:13]} 20. Bd3 {[%clk 0:00:54]} Bxc5
{[%clk 0:02:02]} 21. dxc5 {[%clk 0:00:54]} d4 {[%clk 0:01:57]} 22. Bxc4
{[%clk 0:00:45]} dxc3 {[%clk 0:01:58]} 23. Qe2 {[%clk 0:00:35]} Rb8
{[%clk 0:01:20]} 24. Rd1 {[%clk 0:00:25]} Qa5 {[%clk 0:01:21]} 25. O-O
{[%clk 0:00:22]} Qxc5 {[%clk 0:01:10]} 26. Bxa6 {[%clk 0:00:20]} c2
{[%clk 0:00:42]} 27. Rc1 {[%clk 0:00:21]} Bxa4 {[%clk 0:00:33]} 28. Ng5
{[%clk 0:00:15]} Rb4 {[%clk 0:00:30]} 29. Bd3 {[%clk 0:00:14]} Nxh4
{[%clk 0:00:27]} 30. Bxc2 {[%clk 0:00:10]} Bxc2 {[%clk 0:00:18]} 31. Rxc2
{[%clk 0:00:11]} Qd5 {[%clk 0:00:20]} 32. f3 {[%clk 0:00:07]} Rxh5
{[%clk 0:00:12]} 33. Rc8+ {[%clk 0:00:05]} Ke7 {[%clk 0:00:07]} 34. Rc7+
{[%clk 0:00:06]} Kd8 {[%clk 0:00:08]} 35. Rd1 {[%clk 0:00:07]} Rd4
{[%clk 0:00:10]} 36. Rdc1 {[%clk 0:00:04]} Rxg5+ {[%clk 0:00:10]} 37. Kh1
{[%clk 0:00:05]} Qxf3+ {[%clk 0:00:04]} 38. Qxf3 {[%clk 0:00:06]} Nxf3
{[%clk 0:00:06]} 39. Rxf7 {[%clk 0:00:05]} Rh4# {[%clk 0:00:06]} 0-1